000 00498cam a2200205 4500
008 090401t1990 xxu||||| |||| 00| 0 eng d
020 _a0421410205
035 _a(Sirsi) u28918
041 _aeng
050 _a346.4104342
100 _aWarburton, Jean
245 _aSharing residential property
260 _aLondon
_bSweet and Maxwell
_c1990
300 _axxix, 176p. ; 25cm.
350 _a28
650 _aCO-OCCUPATION
650 _aCO-OWNERSHIP
942 _n0
948 _c04/03/1997
999 _c89360
_d89360